000 00987nam0a2200265 4500
001 RU\NLR\BIBL_A\022413710
005 20260406120707.0
035 _a(NLR Aleph) 022413710
090 _a13336348
_c13336348
100 _a20241216d1948 |||y0rusy50 ca
101 0 _amol
102 _aMD
105 _aa z 000 y
181 0 _ai
_baxxe
182 0 _an
200 1 _aПовестя пескарулуй ши пештишорулуй де аур
_fА. С. Пушкин
_gтрадучере де Ливиу Деляну
203 _aТекст
_bвизуальный
_cнепосредственный
210 _aКишинэу
_cШкоала советикэ
_d1948
215 _a14 с.
_cил.
_d19
541 1 _aСказка о рыбаке и рыбке
_zrus
686 1 _aШ9(2)672=Мол.(Р)-5
700 1 _4070
_8rus
_7ca
_aПушкин
_bА. С.
_cпоэт
_f1799-1837
_gАлександр Сергеевич
_3RU\NLR\AUTH\77386
_9110441
942 _cBOOK
980 _aNB